South Eastern Kenya University

Library Online Public Access Catalogue


The developing practitioner : (Record no. 8575)

MARC details
000 -LEADER
fixed length control field 00663cam a2200157 a 4500
020 ## - ISBN
International Standard Book Number 9780415884594 (hardback)
050 00 - LIBRARY OF CONGRESS CALL NUMBER
Classification Number RC480.5
Item Number .R66 2013
100 1# - MAIN ENTRY--Author
Personal name Rønnestad, Michael Helge.
245 14 - TITLE
Title The developing practitioner :
Remainder of title growth and stagnation of therapists and counselors /
Statement of responsibility, etc Michael Helge Rønnestad & Thomas M. Skovholt.
260 ## - PUBLICATION, DISTRIBUTION, ETC.(IMPRINT)
Place of publication, distribution, etc New York [USA] :
Name of publisher, distributor, etc Routledge,
Date of publication, distribution, etc 2013.
300 ## - PHYSICAL DESCRIPTION
Extent xx, 369 p. :
500 ## - GENERALNOTE
General note Includes bibliographic references and index.
650 ## - SUBJECT--TOPIC
General subdivision Psychotherapists -- Psychology ;
-- Psychotherapists -- Training of ;
-- Self-actualization (Psychology) ;
-- Career development.
700 1# - ADDED ENTRY--PERSONAL AUTHOR
Personal Name Skovholt, Thomas M.
942 ## - ADDED ENTRY ELEMENTS(KOHA)
Source of classification or shelving scheme Library of Congress Classification
Koha item type General circulation
Holdings
Source of classification or shelving scheme Not for loan Location (home branch) Sublocation (holding branch) Shelving location Date accessioned Cost, normal purchase price Full call number Barcode Cost, replacement price Nonpublic note Koha item type Public note
Library of Congress Classification   Main Campus Library Main Campus Library   06/08/2015 4029.00 RC480.5 .R66 2013 2015/006928 4431.00 Nzk General circulation Nzk
Kitui, Kenya.
+254736116989
library@seku.ac.ke